[Event "Liptovsky Mikulas V4"]
[Site "Liptovsky Mikulas"]
[Date "2013.06.24"]
[Round "6"]
[White "Clement, Alexandre"]
[Black "Hausner, Ivan"]
[Result "1/2-1/2"]
[WhiteElo "2270"]
[BlackElo "2387"]
[PlyCount "96"]
[EventDate "2013.06.20"]
[EventType "tourn"]
[EventRounds "9"]
[EventCountry "SVK"]
[EventCategory "1"]
[SourceTitle "CBM 155 Extra"]
[Source "ChessBase"]
[SourceDate "2013.08.26"]
[SourceVersion "1"]
[SourceVersionDate "2013.08.26"]
[SourceQuality "1"]

1. e4 d6 2. d4 Nf6 3. Nc3 c6 4. f4 Bg4 5. Nf3 Nbd7 6. Bd3 e5 7. Be3 Qb6 8. Na4 Qa5+ 9. Nc3 d5 10. fxe5 dxe4 11. exf6 Nxf6 12. Be2 exf3 13. Bxf3 Bxf3 14. Qxf3 Ba3 15. Bc1 Be7 16. 0-0 0-0 17. Ne4 Nxe4 18. Qxe4 Rae8 19. c3 Qh5 20. Bf4 Qb5 21. Qc2 Bg5 22. Bxg5 Qxg5 23. Rae1 h5 24. Qf2 f6 25. Re2 Qg4 26. Rfe1 Rxe2 27. Qxe2 Qxe2 28. Rxe2 Kf7 29. Kf2 a5 30. b3 a4 31. bxa4 Ra8 32. Rb2 Ra7 33. Rb4 Ke6 34. Ke3 g5 35. h3 h4 36. Kf3 f5 37. c4 Kd6 38. g3 hxg3 39. Kxg3 Kc7 40. h4 gxh4+ 41. Kxh4 b6 42. Kg5 c5 43. dxc5 bxc5 44. Rb5 Kc6 45. a5 Rf7 46. Kf4 Rd7 47. Rb6+ Kc7 48. Kxf5 Rd4 1/2-1/2

[Event "Liptovsky Mikulas V4"]
[Site "Liptovsky Mikulas"]
[Date "2013.06.21"]
[Round "2"]
[White "Clement, Alexandre"]
[Black "Pechac, Jergus"]
[Result "0-1"]
[WhiteElo "2270"]
[BlackElo "2182"]
[PlyCount "48"]
[EventDate "2013.06.20"]
[EventType "tourn"]
[EventRounds "9"]
[EventCountry "SVK"]
[EventCategory "1"]
[SourceTitle "CBM 155 Extra"]
[Source "ChessBase"]
[SourceDate "2013.08.26"]
[SourceVersion "1"]
[SourceVersionDate "2013.08.26"]
[SourceQuality "1"]

1. e4 c5 2. b3 Nc6 3. Bb2 e5 4. Bc4 d6 5. Ne2 Nf6 6. Nbc3 Be6 7. Bxe6 fxe6 8. 0-0 d5 9. d3 Bd6 10. h3 0-0 11. Qd2 d4 12. Nb5 Nh5 13. g3 Be7 14. a4 Rf6 15. Kh2 Qf8 16. f4 a6 17. Na3 exf4 18. Nxf4 Bd6 19. Nxh5 Rxf1 20. Rxf1 Qxf1 21. Qg5 Be5 22. Bc1 h6 23. Qd2 Rf8 24. Nf4 g5 0-1

[Event "Liptovsky Mikulas V4"]
[Site "Liptovsky Mikulas"]
[Date "2013.06.20"]
[Round "1"]
[White "Clement, Alexandre"]
[Black "Macko, Michal"]
[Result "0-1"]
[WhiteElo "2270"]
[BlackElo "2135"]
[PlyCount "76"]
[EventDate "2013.06.20"]
[EventType "tourn"]
[EventRounds "9"]
[EventCountry "SVK"]
[EventCategory "1"]
[SourceTitle "CBM 155 Extra"]
[Source "ChessBase"]
[SourceDate "2013.08.26"]
[SourceVersion "1"]
[SourceVersionDate "2013.08.26"]
[SourceQuality "1"]

1. e4 c5 2. c3 e6 3. d4 d5 4. exd5 exd5 5. Nf3 Be7 6. dxc5 Bxc5 7. Bb5+ Nc6 8. 0-0 Nge7 9. Bg5 0-0 10. Nbd2 Qb6 11. Bd3 Qxb2 12. Nb3 Bd6 13. Qe1 Qa3 14. Nfd4 a6 15. Qe3 Ng6 16. f4 f6 17. f5 Nge5 18. Bf4 Nxd3 19. Qxd3 Be5 20. Rad1 Qd6 21. Ne2 Ne7 22. Nbd4 Bd7 23. Rf3 Rac8 24. Bc1 Rc4 25. Rh3 Rfc8 26. Bd2 Qb6 27. Kh1 Qa5 28. Qf3 Qa4 29. Ra1 Bxd4 30. Nxd4 Rxd4 31. cxd4 Bxf5 32. Rg3 Rc6 33. Re1 Be4 34. Qg4 Nf5 35. Rb3 Qxd4 36. Rd1 Nh4 37. Be3 Bxg2+ 38. Kg1 Qxg4 0-1

[Event "Le Touquet op 26th"]
[Site "Le Touquet"]
[Date "2011.10.23"]
[Round "2"]
[White "De Lagontrie, Jean"]
[Black "Clement, Alexandre"]
[Result "0-1"]
[WhiteElo "1891"]
[BlackElo "1996"]
[PlyCount "98"]
[EventDate "2011.10.22"]
[EventType "swiss"]
[EventRounds "9"]
[EventCountry "FRA"]
[SourceTitle "EXT 2012"]
[Source "ChessBase"]
[SourceDate "2011.11.24"]
[SourceVersion "1"]
[SourceVersionDate "2011.11.24"]
[SourceQuality "1"]

1. d4 d5 2. c4 Bf5 3. Qa4+ c6 4. cxd5 Bxb1 5. dxc6 Nxc6 6. Rxb1 e5 7. b4 Qxd4 8. a3 0-0-0 9. Nf3 Qe4 10. Rb2 f6 11. g3 Nd4 12. Bg2 Kb8 13. Nh4 Qg4 14. e3 b5 15. Qd1 Qxd1+ 16. Kxd1 Nf3+ 17. Ke2 Nxh4 18. gxh4 f5 19. Bd2 Be7 20. Bc3 Bf6 21. Rc2 Ne7 22. f4 exf4 23. Bxf6 gxf6 24. exf4 Ng6 25. Rf1 Rhe8+ 26. Kf2 Nxf4 27. Bc6 Re5 28. Bh1 Nd3+ 29. Kg3 Rg8+ 30. Kf3 Ne1+ 31. Rxe1 Rxe1 32. Bg2 Ra1 33. Kf4 Rg4+ 34. Kxf5 Rxh4 35. h3 Rxa3 36. Kxf6 Rxb4 37. Ke6 Rh4 38. Kd6 Rd3+ 39. Ke7 Rc4 40. Rb2 a6 41. Rf2 Rc7+ 42. Ke6 Ka7 43. Rf8 Kb6 44. Rb8+ Kc5 45. Ke5 Rd6 46. Ke4 Rg7 47. Bf3 Re7+ 48. Kf4 Rf7+ 49. Kg3 Rd3 0-1

[Event "FRA-chT U20 16 GP Haute 1011"]
[Site "France"]
[Date "2011.06.12"]
[Round "11"]
[White "Clement, Alexandre"]
[Black "Giroyan, Gary"]
[Result "0-1"]
[WhiteElo "1992"]
[BlackElo "2277"]
[PlyCount "62"]
[EventDate "2010.06.20"]
[EventType "team-tourn"]
[EventRounds "11"]
[EventCountry "FRA"]
[SourceTitle "EXT 2015"]
[Source "ChessBase"]
[SourceDate "2014.11.20"]
[SourceVersion "1"]
[SourceVersionDate "2014.11.20"]
[SourceQuality "1"]
[WhiteTeam "Villepinte (U20)"]
[BlackTeam "Cannes (U20)"]
[WhiteTeamCountry "FRA"]
[BlackTeamCountry "FRA"]

1. e4 c5 2. Nc3 a6 3. Nf3 e6 4. d4 cxd4 5. Nxd4 d6 6. Be3 b5 7. a3 Nf6 8. Bd3 Bb7 9. 0-0 Nbd7 10. Nb3 Be7 11. h3 0-0 12. f4 Rc8 13. Qe1 e5 14. Qg3 Nh5 15. Qf3 Nxf4 16. Bxf4 exf4 17. Qxf4 Bf6 18. Qxd6 Be5 19. Qb4 Qg5 20. Rae1 Qg3 21. Ne2 Qh2+ 22. Kf2 f5 23. exf5 Bxg2 24. Rg1 Be4+ 25. Ke3 Bxd3 26. cxd3 Bxb2 27. Qg4 Rc2 28. d4 Rf7 29. Kd3 Qc7 30. Nc5 Rxc5 31. dxc5 Ne5+ 0-1

[Event "San Sebastian op 34th"]
[Site "San Sebastian"]
[Date "2011.04.18"]
[Round "3"]
[White "Santos Latasa, Jaime"]
[Black "Clement, Alexandre"]
[Result "0-1"]
[WhiteElo "2227"]
[BlackElo "1982"]
[PlyCount "118"]
[EventDate "2011.04.16"]
[EventType "swiss"]
[EventRounds "9"]
[EventCountry "ESP"]
[SourceTitle "CBM 141 Extra"]
[Source "ChessBase"]
[SourceDate "2011.05.03"]
[SourceVersion "1"]
[SourceVersionDate "2011.05.03"]
[SourceQuality "1"]

1. d4 d5 2. c4 c6 3. Nf3 Nf6 4. Nc3 e6 5. Bg5 Nbd7 6. e3 Qa5 7. cxd5 Nxd5 8. Qd2 Bb4 9. Rc1 h6 10. Bh4 0-0 11. a3 Bxc3 12. bxc3 N5f6 13. Bd3 c5 14. 0-0 b6 15. Qb2 Bb7 16. Nd2 cxd4 17. cxd4 Rfc8 18. f3 Qh5 19. Bg3 Rxc1 20. Rxc1 Rc8 21. Re1 Nb8 22. Nc4 Ne8 23. Nxb6 axb6 24. Qxb6 Bxf3 25. Bxb8 Qg5 26. Bf1 Be4 27. Bf4 Qd5 28. Qb5 Qa8 29. Qa6 Bxg2 30. Qxa8 Bxa8 31. a4 g5 32. Be5 f6 33. Bg3 f5 34. Be5 Kf7 35. Rb1 Nf6 36. Ba6 Re8 37. Bb7 Ng4 38. a5 Nxe5 39. dxe5 Bxb7 40. Rxb7+ Kg6 41. a6 f4 42. e4 g4 43. a7 Ra8 44. Kg2 Kg5 45. Rg7+ Kh4 46. Rf7 f3+ 47. Kf2 h5 48. Rh7 Rc8 49. h3 gxh3 50. Rc7 Ra8 51. Kxf3 Rf8+ 52. Ke3 h2 53. Rc1 Kg3 54. Kd4 Ra8 55. Rc3+ Kg4 56. Rc1 Rxa7 57. Ke3 Kg3 58. Kd4 Ra2 59. Kc5 Rd2 0-1

[Event "FRA-chTB U20 1011"]
[Site "France"]
[Date "2010.12.20"]
[Round "7.2"]
[White "Clement, Alexandre"]
[Black "Viennot, Dylan"]
[Result "1/2-1/2"]
[WhiteElo "1923"]
[BlackElo "2032"]
[PlyCount "57"]
[EventDate "2010.11.20"]
[EventType "team-tourn"]
[EventRounds "7"]
[EventCountry "FRA"]
[SourceTitle "EXT 2012"]
[Source "ChessBase"]
[SourceDate "2011.11.24"]
[SourceVersion "1"]
[SourceVersionDate "2011.11.24"]
[SourceQuality "1"]
[WhiteTeam "Villepinte"]
[BlackTeam "Mulhouse"]
[WhiteTeamCountry "FRA"]
[BlackTeamCountry "FRA"]

1. e4 c5 2. Nc3 Nc6 3. Bb5 d6 4. Bxc6+ bxc6 5. d3 e5 6. f4 exf4 7. Bxf4 Ne7 8. Qf3 Ng6 9. Bg3 h5 10. h3 h4 11. Bh2 Be7 12. Nge2 Bf6 13. 0-0 Be6 14. Kh1 Qd7 15. Nf4 Nxf4 16. Qxf4 Be5 17. Qg5 Bxh2 18. Kxh2 Qe7 19. Qxe7+ Kxe7 20. Ne2 a5 21. a4 Rab8 22. b3 g5 23. Nc3 f6 24. Rae1 Rhf8 25. Nd5+ Bxd5 26. exd5+ Kd7 27. dxc6+ Kxc6 28. Re6 Rbe8 29. Rxe8 1/2-1/2

[Event "FRA-chTB U20 1011"]
[Site "France"]
[Date "2010.12.18"]
[Round "4.2"]
[White "Triboulin, Boyann"]
[Black "Clement, Alexandre"]
[Result "0-1"]
[WhiteElo "1700"]
[BlackElo "1923"]
[PlyCount "120"]
[EventDate "2010.11.20"]
[EventType "team-tourn"]
[EventRounds "7"]
[EventCountry "FRA"]
[SourceTitle "EXT 2012"]
[Source "ChessBase"]
[SourceDate "2011.11.24"]
[SourceVersion "1"]
[SourceVersionDate "2011.11.24"]
[SourceQuality "1"]
[WhiteTeam "Bois Colombes"]
[BlackTeam "Villepinte"]
[WhiteTeamCountry "FRA"]
[BlackTeamCountry "FRA"]

1. d4 d5 2. c4 c6 3. e3 Nf6 4. Nc3 e6 5. Nf3 Bd6 6. Bd3 Nbd7 7. 0-0 dxc4 8. Bxc4 b5 9. Bd3 Bb7 10. e4 e5 11. Re1 Qb8 12. d5 a6 13. dxc6 Bxc6 14. Bc2 0-0 15. Bb3 Nc5 16. Bd5 Bxd5 17. Nxd5 Ncxe4 18. Nxf6+ Nxf6 19. Qb3 h6 20. h3 Re8 21. Bd2 e4 22. Nd4 Bc5 23. Be3 Qb6 24. Nf5 Bxe3 25. Rxe3 Qe6 26. Qxe6 Rxe6 27. Rae1 Rae8 28. Nd4 Rd6 29. Nb3 Nd5 30. Rxe4 Rxe4 31. Rxe4 Nb6 32. Rd4 Rxd4 33. Nxd4 Na4 34. b3 Nc3 35. a3 Kf8 36. Kf1 Ke7 37. Ke1 Kf6 38. Nc2 Ke5 39. Kd2 Ne4+ 40. Ke3 Nc5 41. Nd4 Kd5 42. b4 Na4 43. Nf5 Kc4 44. Nxg7 Kb3 45. Nf5 Kxa3 46. Nxh6 Kxb4 47. Nxf7 Kc3 48. h4 b4 49. Nd6 b3 50. Ne4+ Kc2 51. Nd2 b2 52. Nc4 Nb6 53. Nxb2 Kxb2 54. h5 Nd7 55. h6 Nf8 56. Kd4 a5 57. Ke5 a4 58. Kf6 a3 59. Kg7 a2 60. Kxf8 a1Q 0-1

[Event "FRA-chTB U20 1011"]
[Site "France"]
[Date "2010.11.20"]
[Round "1.1"]
[White "Clement, Alexandre"]
[Black "Eid, Maha"]
[Result "1-0"]
[WhiteElo "1923"]
[BlackElo "2067"]
[PlyCount "133"]
[EventDate "2010.11.20"]
[EventType "team-tourn"]
[EventRounds "7"]
[EventCountry "FRA"]
[SourceTitle "EXT 2012"]
[Source "ChessBase"]
[SourceDate "2011.11.24"]
[SourceVersion "1"]
[SourceVersionDate "2011.11.24"]
[SourceQuality "1"]
[WhiteTeam "Villepinte"]
[BlackTeam "Clichy"]
[WhiteTeamCountry "FRA"]
[BlackTeamCountry "FRA"]

1. e4 c5 2. Nf3 e6 3. Qe2 d6 4. g3 Nc6 5. c3 Qc7 6. Bg2 g6 7. 0-0 Bg7 8. d3 Nge7 9. Be3 0-0 10. Na3 b6 11. Qd2 Ba6 12. Bh6 Ne5 13. Bxg7 Kxg7 14. Ne1 Rad8 15. f4 N5c6 16. Nac2 f5 17. exf5 exf5 18. Nf3 h6 19. Rfe1 Ng8 20. Re2 Rfe8 21. Rae1 Nf6 22. Rxe8 Rxe8 23. Rxe8 Nxe8 24. c4 Nf6 25. Ne3 Qe7 26. h3 Qd7 27. Qc3 Kf7 28. b3 Bb7 29. a3 Qe6 30. Qe1 Nh5 31. Kh2 Nf6 32. Nc2 Qd7 33. Qe3 Qe7 34. Qxe7+ Kxe7 35. d4 Na5 36. dxc5 bxc5 37. Nd2 Ne4 38. Bxe4 Bxe4 39. Ne3 Bb7 40. g4 Ke6 41. Kg3 Nc6 42. gxf5+ gxf5 43. Nf3 Nd4 44. Nxd4+ cxd4 45. Nc2 d3 46. Nd4+ Kf6 47. Kf2 a6 48. Ke3 Bg2 49. h4 Be4 50. b4 Ke7 51. Nb3 Kd7 52. Nc1 d2 53. Kxd2 Kc6 54. Kc3 Kb6 55. Kd4 Kc6 56. Ne2 d5 57. c5 Bf3 58. Nc3 Be4 59. a4 Bf3 60. b5+ axb5 61. axb5+ Kb7 62. Nxd5 Be4 63. c6+ Kc8 64. b6 Kb8 65. Kc5 Kc8 66. Ne7+ Kb8 67. c7+ 1-0

[Event "Noisy le Grand-C 1st"]
[Site "Noisy le Grand"]
[Date "2008.12.30"]
[Round "5"]
[White "Vantet, Pascale"]
[Black "Clement, Alexandre"]
[Result "1/2-1/2"]
[WhiteElo "1755"]
[BlackElo "1714"]
[PlyCount "93"]
[EventDate "2008.12.26"]
[EventType "tourn"]
[EventRounds "5"]
[EventCountry "FRA"]
[SourceTitle "EXT 2010"]
[Source "ChessBase"]
[SourceDate "2010.11.25"]
[SourceVersion "1"]
[SourceVersionDate "2010.11.25"]
[SourceQuality "1"]

1. d4 d5 2. Nf3 e6 3. c4 c6 4. Nc3 dxc4 5. e4 b5 6. Be2 Bb7 7. 0-0 Nf6 8. Bg5 Be7 9. a3 Nbd7 10. h3 0-0 11. Bf4 a6 12. Qc2 c5 13. Rad1 cxd4 14. Rxd4 Bc5 15. Rd2 Qb6 16. e5 Nd5 17. Nxd5 exd5 18. b4 Be7 19. Be3 Qe6 20. Bd4 a5 21. Bc3 axb4 22. axb4 Ra4 23. Rb1 Qa6 24. Qf5 Rd8 25. Ng5 Qg6 26. Qxg6 hxg6 27. Nf3 Nb8 28. Nd4 Bc6 29. f4 Be8 30. Bd1 Ra3 31. Rc2 Bd7 32. g4 Na6 33. Bf3 Ra4 34. Bxd5 Nxb4 35. Bxb4 Rxb4 36. Rxb4 Bxb4 37. Nc6 Bxc6 38. Bxc6 Bc5+ 39. Kg2 Rd4 40. Bxb5 Rxf4 41. Rxc4 Rxc4 42. Bxc4 Kf8 43. Kf3 Ke7 44. Ke4 Bf2 45. Bb3 Bh4 46. Bc4 Bg5 47. Bb3 1/2-1/2

[Event "Cap d'Agde Avenir op"]
[Site "Cap d'Agde"]
[Date "2008.10.27"]
[Round "4"]
[White "Clement, Alexandre"]
[Black "Laurent, Raphael"]
[Result "1-0"]
[WhiteElo "1714"]
[BlackElo "1620"]
[PlyCount "73"]
[EventDate "2008.10.25"]
[EventType "swiss"]
[EventRounds "9"]
[EventCountry "FRA"]
[SourceTitle "EXT 2010"]
[Source "ChessBase"]
[SourceDate "2010.11.25"]
[SourceVersion "1"]
[SourceVersionDate "2010.11.25"]
[SourceQuality "1"]

1. e4 e5 2. Nf3 Nc6 3. Bb5 Bc5 4. c3 d6 5. 0-0 Bd7 6. d4 exd4 7. cxd4 Bb4 8. a3 Ba5 9. Nc3 Nge7 10. b4 Bb6 11. Na4 0-0 12. Nxb6 axb6 13. Bb2 Ng6 14. Rc1 Nce7 15. Bxd7 Qxd7 16. Qd2 b5 17. Qc3 c6 18. d5 f6 19. Rfd1 Qg4 20. h3 Qxe4 21. dxc6 Nf4 22. Qb3+ Kh8 23. cxb7 Qxb7 24. Kh2 Qd7 25. Rc2 Rfd8 26. Bc1 Neg6 27. Bxf4 Nxf4 28. Rcd2 Qa7 29. Rxd6 Rxd6 30. Rxd6 Qxf2 31. Rd2 Qb6 32. g3 Ng6 33. Kg2 Ne5 34. Nxe5 fxe5 35. Qd5 Qb8 36. Rd3 Qc7 37. Qxa8+ 1-0

[Event "FRA-ch op-D"]
[Site "Aix les Bains"]
[Date "2007.08.22"]
[Round "8"]
[White "Marceau, Amaury"]
[Black "Clement, Alexandre"]
[Result "0-1"]
[WhiteElo "1499"]
[BlackElo "1390"]
[PlyCount "150"]
[EventDate "2007.08.13"]
[EventType "swiss"]
[EventRounds "11"]
[EventCountry "FRA"]
[SourceTitle "CBM 120 Extra"]
[Source "ChessBase"]
[SourceDate "2007.11.01"]
[SourceVersion "1"]
[SourceVersionDate "2007.11.01"]
[SourceQuality "1"]

1. Nf3 d5 2. g3 c5 3. Bg2 Nc6 4. 0-0 e5 5. d3 f5 6. Nbd2 e4 7. dxe4 fxe4 8. Ne1 Nf6 9. e3 Be6 10. f3 exf3 11. Nexf3 Qd7 12. c3 h6 13. Nh4 Bd6 14. e4 0-0-0 15. exd5 Nxd5 16. Nc4 Nde7 17. Nxd6+ Qxd6 18. Bf4 Qxd1 19. Raxd1 g5 20. Bxc6 Nxc6 21. Bxg5 hxg5 22. Nf3 Rxd1 23. Rxd1 Bg4 24. Rd3 Bxf3 25. Rxf3 b6 26. Kg2 Rg8 27. Rf6 Ne5 28. Re6 Nd3 29. Re2 Nc1 30. Re7 Kb8 31. a3 a5 32. Kf3 Nd3 33. b3 Nc1 34. b4 axb4 35. axb4 cxb4 36. cxb4 Nd3 37. b5 Nc5 38. h4 gxh4 39. gxh4 Rh8 40. Kg4 Kc8 41. Kg5 Nd7 42. h5 Nf8 43. Kf6 Rxh5 44. Re8+ Kc7 45. Rxf8 Rxb5 46. Re8 Rb1 47. Re7+ Kc6 48. Re6+ Kb5 49. Re5+ Ka4 50. Ke6 Rd1 51. Re4+ Ka5 52. Re2 b5 53. Ke5 b4 54. Ra2+ Kb5 55. Ke4 Kc4 56. Ke3 b3 57. Rd2 Rxd2 58. Kxd2 Kb4 59. Kd1 Ka3 60. Kc1 Ka2 61. Kd2 b2 62. Kc3 b1Q 63. Kc4 Ka3 64. Kc5 Ka4 65. Kc4 Qc2+ 66. Kd4 Kb5 67. Kd5 Qd3+ 68. Ke5 Kc6 69. Ke6 Qe4+ 70. Kf6 Kd7 71. Kf7 Qf5+ 72. Kg7 Ke7 73. Kh6 Qg4 74. Kh7 Kf7 75. Kh6 Qg6# 0-1